00569nam a2200169Ia 4500008004100000082001800041100001400059245003000073250000600103260004000109300000800149630003000157730003000187942000900217999001900226952015400245100122s9999 xx 000 0 und d b37628a823.08 aEDSON J T aJ.TS HUNDRETH (BUNDLE- B) a0 bTRANSWORLD PUBLISHERS LIMITEDc1985 a443 aJ.TS HUNDRETH (BUNDLE- B) aJ.TS HUNDRETH (BUNDLE- B) cBOOK c371747d371744 00104070aSVPPARLEbSVPPARLEd1985-06-11g0.00l0o37628pSVPPARLE-37628r2010-01-25 00:00:00v0.00w2010-01-25yBOOKz"(BUNDLE- B), , General, NA"